000
00306nam a22001217a 4500
003
SGT
082
_a
624.183,IND
100
_a
INDIAN STANDARD
245
_a
PLAIN AND REINFORCED CONCRETE CODE OF PRACTICE
260
_a
NEW DELHI
_b
BUREAV OF INDIAN STANDARDS
_c
2010
300
_a
100
942
_2
ddc
_c
GF BOOKS
999
_c
32508
_d
32508